000 00305nam a22001337a 4500
008 171215b xxu||||| |||| 00| 0 eng d
020 _a9781256549406
041 _aeng
080 _a61
100 _a3
101 _aSHM
245 _aKEISER UNIVERSITY MEDICAL ASSISTANTING
_cBOLES,P.F
942 _2udc
_cBK
999 _c38969
_d38969